000
00289nam a2200109Ia 4500
008
220204s9999 xx 000 0 und d
082
_a
82-36(540)
_b
TAL
100
_a
Savitri
245
0
_a
Tales from Indian Classics. Book II
260
_a
New Delhi
_b
Childrens Book trust
_c
1977
942
_c
BK
999
_c
31492
_d
31492